000 00730nam a22002177a 4500
003 OSt
005 20251125111346.0
008 251125b |||||||| |||| 00| 0 eng d
020 _a978-1-118-00895-9
040 _aDWC-Main Lib
_cOC
082 _2First edition.
_aCirc. 302.3501 M643m 2012
100 _aMiles, Jeffrey Allen
245 _aManagement and organization theory :
_ba Jossey-Bass reader/
_cJeffrey Allen Miles
250 _aFirst Edition
260 _aSan Francisco, California :
_bJossey-Bass,
_cc2012
300 _axi, 467 p. ;
_c23 cm.
500 _aIncludes bibliographical references and index.
650 _a1. Management.
650 _a2. Organization.
942 _2ddc
_cBK - FIL
_eFirst Edition
_kFil.
_n0
999 _c6230
_d6230